000 00710nam a2200229 a 4500
005 20240925070127.0
008 030407s2002 mx r 000 0 spa d
020 _a8436816420
035 _aUPN01000123635
049 _aCG
050 4 _aBF575 A3
_bE2.8
100 1 _aEcheburúa, Enrique
245 1 0 _aVivir sin violencia :
_baprender un nuevo estilo de vida /
_cEnrique Echeburúa, Pedro J. Amor, Javier Fernández-Montalvo.
260 _aMadrid :
_bPirámide,
_cc2002.
300 _a179 p.
440 0 _aPsicología
650 4 _aAgresividad (Psicología)
_92250
650 4 _aViolencia
_97151
700 1 _aAmor, Pedro J.,
_ecoaut.
700 1 _aFernández-Montalvo, Javier,
_ecoaut.
905 _aLibro
999 _c95814
_d95814